Telefone está tocando (Record no. 147761)

MARC details
000 -LÍDER
campo de controle de tamanho fixo 00332 a2200145 4500
001 - NÚMERO DE CONTROLE
campo de controle 147761
040 ## - FONTE DA CATALOGAÇÃO
Instituição que transcreveu o registro Escola São Tomás de Aquino
100 ## - ENTRADA PRINCIPAL--NOME PESSOAL
Nome pessoal MAZETTI, Maria
240 10 - TÍTULO UNIFORME
Título uniforme Telefone está tocando
Idioma da obra por
245 10 - TÍTULO
Título Telefone está tocando
300 ## - DESCRIÇÃO FÍSICA
Extensão 12
440 #1 - DECLARAÇÃO DE SÉRIE/ENTRADA ADICIONADA--TÍTULO
Título Bakana
697 ## - ENTRADA DE ASSUNTO LOCAL--ENTIDADE COLETIVA (RLIN)
Nome corporativo ou nome da jurisdição *LITERATURA INFANTO
942 ## - ELEMENTOS DE ENTRADA ADICIONADOS (KOHA)
Tipo de material Koha Livros
Holdings
Situação do descarte Situação das perdas Situação física Não pode ser emprestado Biblioteca de origem Biblioteca atual Data de aquisição Total de empréstimos Número de chamada completo Código de barras Data de último acesso Data do preço efetivo Tipo de material Koha
        ESTA - SÃO BENTO ESTA - SÃO BENTO 30/04/2024   028.52 MAZ TEL EST00001715 30/04/2024 30/04/2024 Livros